Animal psychology : (Record no. 1716)
[ view plain ]
| 000 -LEADER | |
|---|---|
| fixed length control field | 00930cam a2200265 a 4500 |
| 001 - CONTROL NUMBER | |
| control field | 1716 |
| 003 - CONTROL NUMBER IDENTIFIER | |
| rucl marc code | BD-RjUL |
| 005 - DATE AND TIME OF LATEST TRANSACTION | |
| control field | 20211208233408.0 |
| 008 - FIXED-LENGTH DATA ELEMENTS--GENERAL INFORMATION | |
| fixed length control field | 1312 s1961 ilua 00110 eng |
| 035 ## - SYSTEM CONTROL NUMBER | |
| System control number | (BD-RjUL)1743 |
| 040 ## - CATALOGING SOURCE | |
| Original cataloging agency | DLC |
| Transcribing agency | WSU |
| Modifying agency | SER |
| -- | BOS |
| -- | BD-RjUL |
| Language of cataloging | eng |
| 041 ## - LANGUAGE CODE | |
| Language code of text/sound track or separate title | eng |
| 082 ## - DEWEY DECIMAL CLASSIFICATION NUMBER | |
| Edition number | 16 |
| Classification number | 151.3 |
| Author mark and year | SMA 1961 |
| 090 ## - LOCALLY ASSIGNED LC-TYPE CALL NUMBER (OCLC); LOCAL CALL NUMBER (OCLC) | |
| Classification number (OCLC) (R) ; Classification number, CALL (RLIN) (NR) | QL785 |
| Local cutter number (OCLC) ; Book number/undivided call number, CALL (RLIN) | F61 |
| 100 1# - MAIN ENTRY--PERSONAL NAME | |
| Personal name | Smythe, Reginald Harrison. |
| 9 (RLIN) | 5683 |
| 245 10 - TITLE STATEMENT | |
| Title | Animal psychology : |
| Remainder of title | a book of comparative psychology which discusses the behaviour of animals and man / |
| Statement of responsibility, etc. | Reginald Harrison Smythe |
| 260 ## - PUBLICATION, DISTRIBUTION, ETC. (IMPRINT) | |
| Place of publication, distribution, etc. | Springfield, Ill. : |
| Name of publisher, distributor, etc. | Thomas , |
| Date of publication, distribution, etc. | c1961 |
| 300 ## - PHYSICAL DESCRIPTION | |
| Pagination | vi, 259 p. : |
| Illustrations | illus. ; |
| Size | 23 cm. |
| 504 ## - BIBLIOGRAPHY, ETC. NOTE | |
| Bibliography, etc | Includes bibliographical references and index. |
| 650 #0 - SUBJECT ADDED ENTRY--TOPICAL TERM | |
| Topical term or geographic name as entry element | Psychology, Comparative. |
| 9 (RLIN) | 5510 |
| Topical term or geographic name as entry element | Animal behavior. |
| 9 (RLIN) | 5684 |
| 856 ## - ELECTRONIC LOCATION AND ACCESS | |
| Uniform Resource Identifier | <a href="http://www.worldcat.org/title/animal-psychology/oclc/500358691&referer=brief_results">http://www.worldcat.org/title/animal-psychology/oclc/500358691&referer=brief_results</a> |
| 942 ## - ADDED ENTRY ELEMENTS (KOHA) | |
| Source of classification or shelving scheme | Dewey Decimal Classification |
| Koha item type | Books |
| Lost status | Source of classification or shelving scheme | Damaged status | Not for loan | Collection code | Permanent Location | Current Location | Shelving location | Date acquired | Source of acquisition | Cost, normal purchase price | Total Checkouts | Full call number | Date last seen | Date checked out | Copy number | Koha item type |
|---|---|---|---|---|---|---|---|---|---|---|---|---|---|---|---|---|
| Dewey Decimal Classification | Non-fiction | Central Library, University of Rajshahi | Central Library, University of Rajshahi | 13/01/1965 | Zeitliger | 60.00 | 2 | 151.3 SMA 1961 | 04/07/2019 | 27/06/2019 | C-2 | Books | ||||
| Dewey Decimal Classification | Not For Loan | Non-fiction | Central Library, University of Rajshahi | Central Library, University of Rajshahi | Reading Room | 09/07/1964 | Zeitlinger | 60.00 | 151.3 SMA 1961 | 09/04/2014 | C-1 | Books |